[Event "Stay Safe Play From Home 140"]
[Site "T#645950Emanuel Laske"]
[Date "2020.05.11"]
[Round "3"]
[White "KLIND"]
[Black "Emresenar"]
[Result "1-0"]
[WhiteElo "1893"]
[BlackElo "1642"]
[Annotator "NA RC"]
[PlyCount "91"]
[EventDate "2020.05.11"]
[EventType "swiss (blitz)"]

1. e4 {[%emt 0:00:00]} b6 {[%emt 0:00:01]} 2. Nf3 {[%emt 0:00:07]} Bb7 {[%emt 0:00:00]} 3. Ba6 {[%emt 0:00:01]} g6 {[%emt 0:00:00]} 4. Bxb7 {[%emt 0:00:00]} Nc6 {[%emt 0:00:02]} 5. Bxa8 {[%emt 0:00:01]} Qxa8 {[%emt 0:00:00]} 6. Nc3 {[%emt 0:00:01]} Bg7 {[%emt 0:00:00]} 7. Nd5 {[%emt 0:00:00]} Qb7 {[%emt 0:00:03]} 8. O-O {[%emt 0:00:01]} e6 {[%emt 0:00:01]} 9. Nc3 {[%emt 0:00:01]} Nge7 {[%emt 0:00:00]} 10. d3 {[%emt 0:00:01]} O-O {[%emt 0:00:00]} 11. Bg5 {[%emt 0:00:00]} f6 {[%emt 0:00:01]} 12. Be3 {[%emt 0:00:01]} g5 {[%emt 0:00:01]} 13. h3 {[%emt 0:00:02]} h6 {[%emt 0:00:01]} 14. Nd4 {[%emt 0:00:00]} Nd8 {[%emt 0:00:02]} 15. f4 {[%emt 0:00:02]} c5 {[%emt 0:00:01]} 16. Ndb5 {[%emt 0:00:01]} a6 {[%emt 0:00:04]} 17. Nd6 {[%emt 0:00:02]} Qc6 {[%emt 0:00:00]} 18. e5 {[%emt 0:00:01]} fxe5 {[%emt 0:00:01]} 19. fxe5 {[%emt 0:00:00]} Bxe5 {[%emt 0:00:01]} 20. Nc4 {[%emt 0:00:02]} Bg7 {[%emt 0:00:03]} 21. Rxf8+ {[%emt 0:00:01]} Kxf8 {[%emt 0:00:01]} 22. Qf3+ {[%emt 0:00:00]} Kg8 {[%emt 0:00:03]} 23. Qxc6 {[%emt 0:00:01]} Ndxc6 {[%emt 0:00:01]} 24. Nxb6 {[%emt 0:00:02]} Nf5 {[%emt 0:00:07]} 25. Bxc5 {[%emt 0:00:01]} d6 {[%emt 0:00:01]} 26. Bf2 {[%emt 0:00:01]} Nb4 {[%emt 0:00:01]} 27. Re1 {[%emt 0:00:01]} Nxc2 {[%emt 0:00:01]} 28. Rxe6 {[%emt 0:00:00]} Kf7 {[%emt 0:00:03]} 29. Re2 {[%emt 0:00:02]} Nb4 {[%emt 0:00:01]} 30. a3 {[%emt 0:00:01]} Nxd3 {[%emt 0:00:01]} 31. Rd2 {[%emt 0:00:01]} Nc5 {[%emt 0:00:03]} 32. Rxd6 {[%emt 0:00:02]} Nxd6 {[%emt 0:00:01]} 33. Bxc5 {[%emt 0:00:01]} Ne4 {[%emt 0:00:02]} 34. Nxe4 {[%emt 0:00:02]} Bxb2 {[%emt 0:00:01]} 35. Nd7 {[%emt 0:00:02]} Ke6 {[%emt 0:00:01]} 36. Nb8 {[%emt 0:00:01]} Kd5 {[%emt 0:00:01]} 37. Nd2 {[%emt 0:00:02]} Kxc5 {[%emt 0:00:01]} 38. Nxa6+ {[%emt 0:00:02]} Kb6 {[%emt 0:00:01]} 39. Nb4 {[%emt 0:00:01]} Bc3 {[%emt 0:00:00]} 40. Nb3 {[%emt 0:00:01]} Kb5 {[%emt 0:00:01]} 41. Nd5 {[%emt 0:00:00]} Kc4 {[%emt 0:00:01]} 42. Nxc3 {[%emt 0:00:01]} Kxb3 {[%emt 0:00:02]} 43. Kf2 {[%emt 0:00:00]} Kxc3 {[%emt 0:00:01]} 44. Kf3 {[%emt 0:00:00]} h5 {[%emt 0:00:01]} 45. Ke4 {[%emt 0:00:01]} g4 {[%emt 0:00:00]} 46. h4 {[%emt 0:00:00] Zaman (Lag: Av=0.69s, max=2.0s)} 1-0

[Event "Stay Safe Play From Home 140"]
[Site "T#645950Emanuel Laske"]
[Date "2020.05.11"]
[Round "3"]
[White "Muralikrishna"]
[Black "Pokerpapi"]
[Result "1-0"]
[WhiteElo "1798"]
[BlackElo "1477"]
[Annotator "NA RC"]
[PlyCount "73"]
[EventDate "2020.05.11"]
[EventType "swiss (blitz)"]

1. e4 {[%emt 0:00:02]} e5 {[%emt 0:00:00]} 2. d4 {[%emt 0:00:01]} d6 {[%emt 0:00:00]} 3. c3 {[%emt 0:00:00]} Nc6 {[%emt 0:00:01]} 4. Nf3 {[%emt 0:00:03]} a6 {[%emt 0:00:01]} 5. dxe5 {[%emt 0:00:01]} Bg4 {[%emt 0:00:01]} 6. exd6 {[%emt 0:00:03]} Bxd6 {[%emt 0:00:00]} 7. Be2 {[%emt 0:00:01]} Qe7 {[%emt 0:00:00]} 8. O-O {[%emt 0:00:01]} O-O-O {[%emt 0:00:01]} 9. Qc2 {[%emt 0:00:01]} Nf6 {[%emt 0:00:02]} 10. Bg5 {[%emt 0:00:01]} Bxf3 {[%emt 0:00:05]} 11. Bxf3 {[%emt 0:00:02]} Qe5 {[%emt 0:00:00]} 12. g3 {[%emt 0:00:08]} Qxg5 {[%emt 0:00:02]} 13. Bg2 {[%emt 0:00:01]} h5 {[%emt 0:00:01]} 14. Nd2 {[%emt 0:00:01]} h4 {[%emt 0:00:02]} 15. Nf3 {[%emt 0:00:00]} Qg6 {[%emt 0:00:02]} 16. Nxh4 {[%emt 0:00:01]} Qg4 {[%emt 0:00:03]} 17. Nf3 {[%emt 0:00:01]} Ne5 {[%emt 0:00:05]} 18. Nxe5 {[%emt 0:00:02]} Bxe5 {[%emt 0:00:02]} 19. h3 {[%emt 0:00:01]} Qg6 {[%emt 0:00:01]} 20. f4 {[%emt 0:00:02]} Bd6 {[%emt 0:00:02]} 21. Rad1 {[%emt 0:00:02]} Bc5+ {[%emt 0:00:02]} 22. Kh2 {[%emt 0:00:03]} Rxd1 {[%emt 0:00:03]} 23. Qxd1 {[%emt 0:00:04]} Qh5 {[%emt 0:00:01]} 24. Qxh5 {[%emt 0:00:01]} Rxh5 {[%emt 0:00:01]} 25. Bf3 {[%emt 0:00:00]} Rh6 {[%emt 0:00:03]} 26. e5 {[%emt 0:00:00]} Ng4+ {[%emt 0:00:02]} 27. Bxg4+ {[%emt 0:00:01]} Kb8 {[%emt 0:00:03]} 28. Kg2 {[%emt 0:00:00]} g6 {[%emt 0:00:01]} 29. Kf3 {[%emt 0:00:00]} f5 {[%emt 0:00:01]} 30. exf6 {[%emt 0:00:02]} g5 {[%emt 0:00:03]} 31. fxg5 {[%emt 0:00:01]} Rg6 {[%emt 0:00:00]} 32. Kf4 {[%emt 0:00:02]} Bd6+ {[%emt 0:00:02]} 33. Kf5 {[%emt 0:00:00]} Rg8 {[%emt 0:00:01]} 34. g6 {[%emt 0:00:02]} Re8 {[%emt 0:00:00]} 35. g7 {[%emt 0:00:01]} Re5+ {[%emt 0:00:01]} 36. Kg6 {[%emt 0:00:00]} Re8 {[%emt 0:00:05]} 37. f7 {[%emt 0:00:00] Zeit (Lag: Av=0.52s, max=1.2s)} 1-0

[Event "Stay Safe Play From Home 140"]
[Site "T#645950Emanuel Laske"]
[Date "2020.05.11"]
[Round "3"]
[White "matanant"]
[Black "Trotsky"]
[Result "0-1"]
[WhiteElo "1626"]
[BlackElo "1635"]
[Annotator "NA RC"]
[PlyCount "54"]
[EventDate "2020.05.11"]
[EventType "swiss (blitz)"]

1. b3 {[%emt 0:00:04]} d5 {[%emt 0:00:01]} 2. Bb2 {[%emt 0:00:00]} e6 {[%emt 0:00:01]} 3. e3 {[%emt 0:00:00]} c5 {[%emt 0:00:01]} 4. f4 {[%emt 0:00:00]} Nc6 {[%emt 0:00:01]} 5. Nf3 {[%emt 0:00:00]} Qc7 {[%emt 0:00:01]} 6. Bb5 {[%emt 0:00:00]} f6 {[%emt 0:00:02]} 7. O-O {[%emt 0:00:01]} Bd6 {[%emt 0:00:01]} 8. d3 {[%emt 0:00:02]} Bd7 {[%emt 0:00:01]} 9. Nbd2 {[%emt 0:00:01]} h5 {[%emt 0:00:01]} 10. c4 {[%emt 0:00:02]} Nh6 {[%emt 0:00:01]} 11. cxd5 {[%emt 0:00:02]} exd5 {[%emt 0:00:01]} 12. g3 {[%emt 0:00:01]} O-O-O {[%emt 0:00:01]} 13. Rc1 {[%emt 0:00:03]} g6 {[%emt 0:00:01]} 14. e4 {[%emt 0:00:02]} d4 {[%emt 0:00:03]} 15. Nc4 {[%emt 0:00:03]} Ng4 {[%emt 0:00:05]} 16. Qe1 {[%emt 0:00:07]} Bxf4 {[%emt 0:00:02]} 17. gxf4 {[%emt 0:00:02]} Qxf4 {[%emt 0:00:01]} 18. h3 {[%emt 0:00:09]} Ne3 {[%emt 0:00:03]} 19. Nxe3 {[%emt 0:00:02]} dxe3 {[%emt 0:00:02]} 20. Qe2 {[%emt 0:00:08]} Bxh3 {[%emt 0:00:01]} 21. Rfe1 {[%emt 0:00:02]} Qg3+ {[%emt 0:00:02]} 22. Kh1 {[%emt 0:00:01]} Bg4 {[%emt 0:00:07]} 23. Rg1 {[%emt 0:00:01]} Bxf3+ {[%emt 0:00:03]} 24. Rg2 {[%emt 0:00:02]} Qh3+ {[%emt 0:00:04]} 25. Kg1 {[%emt 0:00:03]} Bxe2 {[%emt 0:00:01]} 26. Rxe2 {[%emt 0:00:01]} Qg3+ {[%emt 0:00:02]} 27. Rg2 {[%emt 0:00:01]} Qf3 {[%emt 0:00:01] Time (Lag: Av=0.61s, max=1.2s)} 0-1

[Event "Stay Safe Play From Home 140"]
[Site "T#645950Emanuel Laske"]
[Date "2020.05.11"]
[Round "3"]
[White "Nagaram"]
[Black "Fischer_11"]
[Result "0-1"]
[WhiteElo "1473"]
[BlackElo "1934"]
[Annotator "TA"]
[PlyCount "56"]
[EventDate "2020.05.11"]
[EventType "swiss (blitz)"]

{[%evp 9,56,11,29,-86,-76,-86,-79,-85,-14,-76,-105,-132,-94,-160,-153,-166,-136,-255,-115,-177,-188,-305,-300,-272,-215,-242,-61,-152,-163,-162,-155,-164,-167,-232,-230,-214,-160,-238,-209,-191,-160,-247,-167,-235,-103,-210,-137,-3083,-2983]} 1. e4 Nf6 2. e5 Nd5 3. d4 d6 4. Bc4 Nb6 5. Bb3 dxe5 {[#]} 6. c3 $146 {B03: Alekhine's Defence: Four Pawns Attack.} (6. Qf3 $11 {remains equal.} e6 7. dxe5) ({Predecessor:} 6. Qh5 e6 7. dxe5 c5 8. Na3 Nc6 9. Nf3 Na5 10. Bg5 Qc7 11. Nb5 Qc6 12. O-O-O Bd7 13. Nd6+ Bxd6 14. Rxd6 Qe4 15. Bxe6 Bxe6 16. Rxe6+ {1-0 (47) Vysochin,S (2501)-Sadhwani,R (2545) chess.com INT 2020}) 6... exd4 $17 7. cxd4 Nc6 8. Nf3 {Black is better.} Bg4 {[#]} (8... g6 $17) 9. Nc3 (9. Bxf7+ $1 $11 {[%mdl 512] keeps the balance.} Kxf7 10. Ng5+ {[%mdl 64] Discovered Attack} Kg8 11. Qxg4 Nxd4 12. O-O) 9... e6 10. Be3 Be7 11. Qd2 (11. h3 $142 Bf5 12. O-O) 11... O-O 12. O-O-O a5 {[%cal Ba7a5,Ba5a4][%mdl 32]} 13. h3 (13. d5 $17 exd5 14. Bxb6 cxb6 15. Nxd5) 13... Bh5 (13... Bxf3 $19 14. gxf3 a4) 14. g4 (14. d5 $17 exd5 15. Bxb6 cxb6 16. Qxd5) 14... Bg6 $19 15. h4 (15. Ne5 $142) 15... a4 16. Bc2 Bxc2 17. Qxc2 Nc4 $2 ({Black should play} 17... Nb4 $19 18. Qe2 N6d5) 18. Qd3 (18. d5 $15 Nxe3 19. fxe3 exd5 20. Ng5 (20. Rxd5 Qc8 $17) (20. Nxd5 Qd6 $17)) 18... Nxe3 $17 19. Qxe3 a3 {[#] aiming for ...axb2+.} 20. b3 Bb4 21. Kc2 (21. h5 {was worth a try.}) 21... Bxc3 $19 22. Qxc3 Qd6 23. Qe3 (23. Ne5 $17) 23... Nb4+ 24. Kb1 Rfd8 ({But not} 24... Qc6 25. Rc1 $17) 25. g5 (25. h5 $17) 25... Ra6 $40 {[%mdl 128] Black has strong attack.} 26. h5 (26. Ne5 $142) 26... Rb6 (26... Rc6 $19 {And now ...Nd5 would win.} 27. g6 fxg6 28. hxg6 hxg6) 27. h6 (27. Ne5 $17 {was necessary.}) 27... Nd5 28. Qe4 $2 {[%mdl 8192]} (28. Qd3 $17 Nb4 29. Qe3) 28... Nc3+ {[%mdl 64] Double Attack. Accuracy: White = 13%, Black = 43%.} 0-1

[Event "Stay Safe Play From Home 140"]
[Site "T#645950Emanuel Laske"]
[Date "2020.05.11"]
[Round "4"]
[White "Onlyforchess"]
[Black "Haxhi Baha"]
[Result "1-0"]
[WhiteElo "2539"]
[BlackElo "1945"]
[Annotator "TA"]
[PlyCount "51"]
[EventDate "2020.05.11"]
[EventType "swiss (blitz)"]

{[%evp 14,50,54,69,56,57,62,43,86,50,195,158,910,923,892,774,1198,1108,1695,1691,1644,1642,29993,2709,2403,1726,29998,2406,2223,2212,29982,29976,29972,29963,5581,2733,29993,29994,29999]} 1. e4 e6 2. d4 d5 3. Nc3 Nf6 4. Bg5 Be7 5. e5 Nfd7 6. h4 a6 7. Qg4 Kf8 8. Nf3 h5 {C14: French: Classical System: 4 Bg5 Be7 main line.} 9. Qf4 c5 10. dxc5 {[#]} Nc6 $146 {White is slightly better.} ({Predecessor:} 10... Nxc5 11. O-O-O Nc6 12. Rh3 b5 13. Bxe7+ Qxe7 14. Ng5 b4 15. Ne2 Bd7 16. Rf3 Be8 {1-0 (32) Manthey,F (2062)-Duerr,F (1869) Nuremberg 2011}) 11. O-O-O g6 ({Black should try} 11... Nxc5 $14 12. a3 Kg8) 12. Bd3 {[#] Strongly threatening Nxd5!} Nxc5 $2 (12... Kg8 $16) 13. Bxg6 $1 $18 {[%csl Gg6][%cal Rf4f7]} Bxg5 14. Nxg5 {[%csl Gg5,Gg6][%cal Rf4f7]} Qe7 15. Nxf7 Kg7 16. Nxh8 Kxh8 17. Rh3 {Qh6+ would kill now.} Bd7 18. Rg3 (18. Qh6+ $142 Kg8 {[#]} 19. Bh7+ $1 {[%mdl 512]} Kh8 20. Be4+ Kg8 21. Rg3+ Qg5+ 22. Rxg5+ Kf7 23. Qh7+ Kf8 24. Rg8#) 18... Qg7 19. Bxh5 Qh7 20. Bg6 (20. Qf6+ $142 Qg7 21. Qxg7#) 20... Qg7 21. Bf5 exf5 22. Rxg7 Kxg7 23. Qg5+ Kf7 24. Qf6+ Ke8 25. Nxd5 {[%cal Rd5c7]} Be6 26. Nc7# {White took control after the opening. Accuracy: White = 56%, Black = 24%.} 1-0

[Event "Stay Safe Play From Home 140"]
[Site "T#645950Emanuel Laske"]
[Date "2020.05.11"]
[Round "4"]
[White "Shatarchin7"]
[Black "Lamborghini"]
[Result "0-1"]
[WhiteElo "2288"]
[BlackElo "2250"]
[Annotator "TA"]
[PlyCount "146"]
[EventDate "2020.05.11"]
[EventType "swiss (blitz)"]

{[%evp 15,145,37,56,10,0,-57,-32,-27,-36,-44,-29,-372,-62,-80,320,198,202,196,191,160,497,508,519,527,523,517,506,508,552,361,358,358,351,285,554,423,584,353,877,179,234,229,285,262,375,0,0,0,1,0,0,-164,-158,-165,-152,-757,-759,-743,-728,-940,-939,-890,-664,-828,-797,-618,-581,-564,-564,-1134,-1067,-12839,-12839,-12845,-1094,-12844,-12844,-29994,-12844,-12846,-12845,-12847,-12847,-12847,-12848,-12848,-12849,-29986,-29987,-29994,-12849,-12849,-12850,-12850,-12850,-12851,-27999,-12851,-27999,-12851,-27999,-12851,-27999,-12851,-29994,-29988,-27999,-12851,-27999,-27998,-27999,-27998,-27999,-27999,-27999,-27999,-27999,-27999,-27999,-27999,-27999,-27999,-27999,-27999,-27999,-27999,-27999,-27999,-27999,-27999,-27999,-27999]} 1. Nf3 g6 2. g3 Bg7 3. Bg2 Nf6 4. O-O O-O 5. d4 c6 6. c4 d6 7. Nc3 Qa5 8. Bd2 Qh5 {8...Qa6 gains popularity.} 9. e4 {E62: King's Indian: Fianchetto: 6...c6 and Panno Variation (6...Nc6) without ...a6.} Bg4 10. Bf4 {[#]} ({White should play} 10. Qe2 $11) 10... Nbd7 $146 ({Predecessor:} 10... e5 11. Be3 h6 12. Qe2 Nh7 13. dxe5 dxe5 14. c5 Kh8 15. Bc1 Nd7 16. Nd1 Nxc5 {0-1 (56) Ishvi,A (1935)-Velpula,S (1717) Mumbai 2019}) 11. Qd3 {Black is slightly better.} e5 12. dxe5 dxe5 13. Be3 $2 {[%mdl 8192]} (13. Bc1 $1 $11) 13... Rfd8 $2 ({Black should try} 13... Bxf3 $19 14. Bxf3 Qxf3) 14. Qe2 Nc5 $2 {[%mdl 8192]} (14... Bf8 $17 15. a3 Nc5 16. Bxc5 Bxc5) 15. h3 Ne6 16. hxg4 Nxg4 {If Black can now play ...Nd4 this consolidates a bit.} 17. Nh4 {Threatens to win with Bf3.} g5 $2 (17... Nd4 $16 18. Bxd4 exd4) 18. Bf3 $18 gxh4 19. Bxg4 Qg6 20. Bf5 Qf6 21. Qg4 hxg3 22. Qxg3 Nf4 23. Bxf4 exf4 24. Qh3 h6 $2 (24... Qg5+ 25. Kh2 Kf8) 25. Kh1 Kf8 26. Rg1 Rd2 $2 {[#]} (26... Qe5 27. Rad1 Bf6) 27. Qf3 $2 (27. e5 $1 Qxe5 28. Rae1) 27... Rxb2 (27... Qh4+ $142 28. Kg2 Rad8) 28. Ne2 Rd8 29. Nxf4 {Black must now prevent Rxg7!} Rdd2 (29... Qc3 {keeps fighting.} 30. Qg2 Rdd2) 30. Nh5 $2 (30. Rxg7 $18 {Hoping for Rag1.} Qxg7 31. Rg1) 30... Qh4+ $11 {[%mdl 64] Double Attack} 31. Qh3 Qxh3+ 32. Bxh3 Be5 $40 {[%mdl 128] Black is up to no good.} 33. Rgf1 $2 {White is now going downhill.} (33. Rad1 $11 {and White is okay.} Rxf2 34. Rd8+ Ke7 35. Rd7+ Kf8 36. Rd8+ Ke7 37. Rd7+ Kf8 38. Rd8+) 33... Rxf2 $19 34. Rxf2 Rxf2 35. Rd1 $2 (35. Kg1 $17 Bd4 36. Rf1 Rf5+ {[%mdl 64] Discovered Attack} 37. Kg2 Rxh5 38. Rd1 Rg5+ 39. Kf3) 35... Rh2+ {[%mdl 64] Double Attack} 36. Kg1 Rxh3 {[%mdl 4096] Endgame KRB-KRN} 37. Rd8+ {[#]} Ke7 $1 38. Ra8 b5 39. Rxa7+ Ke6 40. cxb5 Bd4+ 41. Kg2 {Black should prevent Ng7+!} Rxh5 {KRB-KR} ({Less strong is} 41... Bxa7 42. Kxh3 cxb5 43. Ng7+ Ke5 44. Nf5 $17) 42. Ra6 Rxb5 43. Rxc6+ Ke5 44. Rc7 f6 45. Re7+ Kf4 46. Kh3 Be5 (46... Kf3 $142 47. e5 Rb1 48. Kh2 Bf2 49. Rg7 Rb4 50. Rg4 Rxg4 51. exf6 Rh4#) 47. Kg2 Kxe4 48. Rh7 Rb2+ {[%mdl 64] Double Attack} 49. Kf1 Kf3 {[%cal Rb2b1]} 50. Ke1 Bf4 {[%cal Rb2b1]} 51. Kd1 Rd2+ 52. Ke1 Rc2 (52... Rd6 $142 53. Rg7 Be5 54. Rg2 Bc3+ 55. Rd2 Rxd2 56. a4 Rd8+ 57. Kf1 Rd1#) 53. Rd7 Rc1+ 54. Rd1 Rxd1+ 55. Kxd1 {KB-KP} h5 56. a4 h4 57. a5 h3 {( -> ...h2)} 58. a6 h2 59. Kc2 h1=Q 60. a7 Kg3 (60... Qh7+ $142 61. Kb3 Qxa7 62. Kb4 Bd2+ 63. Kb5 Qb7+ 64. Kc4 Ke4 65. Kc5 Ke5 66. Kc4 Qd5#) 61. a8=Q Qxa8 62. Kd3 {Black mates.} Qf3+ 63. Kc4 Be5 64. Kc5 Qe4 65. Kb6 Qd4+ 66. Kc6 f5 67. Kb7 f4 68. Kc6 f3 69. Kb7 f2 70. Kc6 Qd6+ 71. Kb7 Qb8+ 72. Ka6 f1=Q+ 73. Ka5 Qfb5# {Accuracy: White = 29%, Black = 33%.} 0-1

[Event "Stay Safe Play From Home 140"]
[Site "T#645950Emanuel Laske"]
[Date "2020.05.11"]
[Round "4"]
[White "SoulofWolf"]
[Black "Mepe_Nika"]
[Result "0-1"]
[WhiteElo "2200"]
[BlackElo "2422"]
[Annotator "TA"]
[PlyCount "76"]
[EventDate "2020.05.11"]
[EventType "swiss (blitz)"]

{[%evp 12,76,21,-14,-16,-9,-15,-25,18,17,24,6,22,21,29,16,23,10,105,-79,189,-15,-28,-17,17,-175,-172,-159,-28,-65,-20,-20,-27,-105,-102,-263,-247,-253,-255,-246,-254,-248,-243,-280,-59,-508,-501,-678,-577,-982,-670,-1227,-872,-1215,-1166,-1228,-1172,-29984,-29985,-29988,-29989,-29989,-29990,-29993,-29994,-29994,-2725]} 1. Nf3 Nf6 2. c4 c5 3. e3 e6 4. b3 Nc6 5. Bb2 d5 6. cxd5 exd5 7. d4 cxd4 {A13: English Opening: 1...e6.} 8. Nxd4 Bb4+ 9. Bc3 Bxc3+ {Black has an edge.} (9... a5 {feels hotter.}) 10. Nxc3 O-O 11. Be2 Be6 12. O-O {[#]} Rc8 $146 ({Predecessor:} 12... Ne7 13. Rc1 a6 14. Bf3 Qd7 15. Na4 Qd6 16. Qd2 Bg4 17. h3 Bxf3 18. Nxf3 Ne4 {1-0 (61) Jeffries,M (1997)-Periasamymanjula,M (1704) Hinckley Island 2009}) 13. Rc1 Qa5 14. Ncb5 a6 (14... Qxa2 $11 {keeps the balance.} 15. Ra1 Qb2) 15. Nd6 $2 (15. Nxe6 $16 {keeps the pressure on.} fxe6 16. Nd6 {[%mdl 64] Double Attack}) 15... Rb8 $2 {[%mdl 8192]} (15... Nxd4 $17 {stays on course.} 16. Qxd4 Rxc1 17. Rxc1 Qxa2) 16. a3 $2 ({Less strong is} 16. Nxc6 bxc6 17. Rxc6 Qxa2 $14) (16. Nxb7 $1 $18 Rxb7 17. Rxc6 {[%mdl 64] Double Attack}) 16... Nxd4 $11 17. Qxd4 Qxa3 18. Qe5 $2 (18. b4 $11 a5 19. Rb1) 18... Rfd8 $19 19. Nf5 Qf8 ({And not} 19... Qxb3 20. Nxg7 $1 {[%mdl 512]} Kxg7 21. Qg5+ Kf8 22. Qxf6 $16) (19... Bxf5 $1 $17 20. Qxf5 Qxb3) 20. Bd3 Ne4 21. Bxe4 dxe4 22. Qxe4 (22. Nd4 $11) 22... Bxb3 $17 {Black keeps a firm grip on the game.} 23. Qg4 $2 (23. Ne7+ $17 {was called for.} Kh8 24. Rc5) 23... Be6 $19 24. Qg5 {[#]} Bxf5 $1 25. Qxf5 {[#]} b5 $1 26. Rb1 b4 27. Rfc1 a5 $2 ({Black should play} 27... b3 $19 {White must now prevent ...b2.} 28. Rc7 Rb5) 28. h4 $2 {[%mdl 8192]} ({White must play} 28. Qxa5 $15 b3 29. h3) 28... a4 {[%cal Ba5a4,Ba4a3,Ba3a2][%mdl 32]} 29. h5 h6 30. Rc6 a3 31. Qg4 Rd6 32. Rc4 a2 33. Ra1 b3 {Hoping for ...b2.} 34. Rac1 b2 {Black mates.} 35. Rc8 bxc1=Q+ {[%mdl 64] Promotion} 36. Rxc1 {[#]} Rb1 $1 37. Qd1 Rxd1+ 38. Rxd1 Rxd1+ {Accuracy: White = 28%, Black = 53%.} (38... Qd6 $142 39. f4 Qxd1+ {[%mdl 64] Double Attack} 40. Kf2 f5 41. Kg3 Qg4+ 42. Kf2 Rb2+ 43. Kg1 Qxg2#) 0-1

[Event "Stay Safe Play From Home 140"]
[Site "T#645950Emanuel Laske"]
[Date "2020.05.11"]
[Round "4"]
[White "Little champs"]
[Black "Chesspugnator"]
[Result "1-0"]
[WhiteElo "2132"]
[BlackElo "1895"]
[Annotator "TA"]
[PlyCount "99"]
[EventDate "2020.05.11"]
[EventType "swiss (blitz)"]

{[%evp 9,98,0,6,0,10,-1,-1,-24,0,7,0,0,19,11,46,0,0,0,0,0,23,0,0,0,18,0,0,0,0,0,29,27,71,76,96,2,20,0,74,83,83,83,76,58,65,61,83,77,85,52,137,139,323,321,327,331,397,221,237,240,238,238,225,186,207,203,317,307,480,398,417,417,443,430,29980,1573,29991,29992,29994,29991,29994,29995,29995,29996,29996,29997,29997,29997,29998,29999,29999]} 1. d4 d5 2. e3 Nf6 3. Nf3 Bf5 4. Be2 e6 5. O-O c5 6. c4 {D04: Colle System.} dxc4 7. Bxc4 Nc6 {[#]} 8. dxc5 $146 {The position is equal.} ({Predecessor:} 8. Nc3 cxd4 9. Nxd4 Nxd4 10. exd4 a6 11. Bg5 Be7 12. d5 exd5 13. Bxf6 dxc4 14. Bxe7 Qxe7 {0-1 (43) Gabr,M (1953)-Al Hajiri,B (2112) Kuwait 2018}) 8... Qxd1 (8... Bxc5 {looks sharper.} 9. a3 Bd6 10. b3 O-O 11. Bb2 Qc7) 9. Rxd1 Bxc5 10. a3 a5 11. Nc3 Ke7 12. Nb5 Rhd8 13. Bd2 Ne4 14. Be1 f6 15. Nc3 Nxc3 16. Bxc3 Bg4 17. Be2 e5 18. h3 Be6 19. Bb5 a4 20. Rac1 Bb3 21. Rxd8 Rxd8 22. Bxc6 (22. Nd2 $16) 22... bxc6 $11 23. Bxe5 Bxe3 {[#]} (23... fxe5 $11 24. Rxc5 {[%mdl 64] Double Attack} Rd1+ 25. Kh2 Kd6 26. Rxe5 Rb1) 24. Bxf6+ $1 $16 {[%mdl 512]} gxf6 (24... Kxf6 25. Rxc6+) 25. fxe3 {[%mdl 4096] Endgame KRB-KRN} Bd5 26. Rd1 Rb8 27. Rd2 Ke6 28. Nd4+ Ke5 29. Kf2 Ke4 (29... c5 $14 30. Ne2 f5) 30. Ne2 Rb3 $2 {[#] Black cannot hold the game after this.} (30... Bb3 $16 31. Nc3+ Ke5) 31. Nc3+ $18 Ke5 32. Nxa4 f5 33. Nc3 (33. Nc5 $142 Rb5 34. b4) 33... f4 34. exf4+ Kxf4 35. g3+ Ke5 36. h4 h5 37. Ke3 Kd6 (37... Be6 {is a better defense.} 38. Kd3 c5) 38. Kd4 Ke6 (38... Bf7 {might work better.} 39. Ne4+ Kc7) 39. Re2+ Kd7 40. Kc5 ({Resist} 40. Nxd5 cxd5 41. Kxd5 Rxg3 $18) 40... Kc7 41. Nxd5+ {KRN-KR} Kd8 (41... cxd5 $18 42. Rg2 Rb8 43. Kxd5 Rb7) 42. Ne3 (42. Nb4 $142 Kc7 43. a4 Kb7 44. a5 Ka8 45. g4 Ka7 46. Re7+ Kb8 47. a6) 42... Rc3+ 43. bxc3 {White mates.} Kd7 44. Rd2+ Kc7 45. Rd6 Kb7 46. Rxc6 Ka7 47. Rb6 Ka8 48. Kc6 Ka7 49. Kc7 Ka8 50. Ra6# {Accuracy: White = 77%, Black = 54%.} 1-0